[Event "Mittelrhein Regionalliga 1314"]
[Site "Mittelrhein"]
[Date "2014.04.06"]
[Round "9.8"]
[White "Bekritski, Evgeni"]
[Black "Beume, Torsten"]
[Result "0-1"]
[WhiteElo "1925"]
[BlackElo "1846"]
[PlyCount "60"]
[EventDate "2013.09.15"]
[EventType "team-tourn"]
[EventRounds "11"]
[EventCountry "GER"]
[SourceTitle "EXT 2023"]
[Source "ChessBase"]
[SourceDate "2022.10.05"]
[SourceVersion "1"]
[SourceVersionDate "2022.10.05"]
[SourceQuality "1"]
[WhiteTeam "Koeln Ford SF"]
[BlackTeam "Gruenfeld"]
[WhiteTeamCountry "GER"]
[BlackTeamCountry "GER"]

1. b3 d5 2. Bb2 Nf6 3. e3 c5 4. Bb5+ Bd7 5. Bxd7+ Nbxd7 6. f4 Qc7 7. Nf3 e6 8. d3 d4 9. exd4 Qxf4 10. Qd2 Qc7 11. c4 Bd6 12. 0-0 Bf4 13. Qe2 cxd4 14. Bxd4 0-0 15. Nc3 a6 16. g3 Bd6 17. Ne4 Nxe4 18. Qxe4 Nc5 19. Qe2 Rae8 20. b4 Nd7 21. c5 Be7 22. Bb2 Nf6 23. Ng5 Bxc5+ 24. d4 Be7 25. Rf3 Nd5 26. Rxf7 Rxf7 27. Qxe6 Bxg5 28. Qxe8+ Rf8 29. Qe4 Qf7 30. Qe2 Be3+ 0-1

[Event "NRW Class2 1112"]
[Site "Germany"]
[Date "2011.09.18"]
[Round "1.8"]
[White "Hobusch, Jan"]
[Black "Bekritski, Evgeni"]
[Result "1-0"]
[WhiteElo "1979"]
[BlackElo "1907"]
[PlyCount "107"]
[EventDate "2011.09.18"]
[EventType "team-tourn"]
[EventRounds "9"]
[EventCountry "GER"]
[SourceTitle "EXT 2015"]
[Source "ChessBase"]
[SourceDate "2014.11.20"]
[SourceVersion "1"]
[SourceVersionDate "2014.11.20"]
[SourceQuality "1"]
[WhiteTeam "Solingen III"]
[BlackTeam "Koeln Ford SF"]
[WhiteTeamCountry "GER"]
[BlackTeamCountry "GER"]

1. d4 Nf6 2. Nf3 e6 3. Bf4 b6 4. e3 Bb7 5. Nbd2 Be7 6. c3 d6 7. Be2 Nbd7 8. 0-0 0-0 9. h3 Ne4 10. Nxe4 Bxe4 11. Nd2 Bg6 12. Bg3 Re8 13. a4 a6 14. Bf3 Rb8 15. Qe2 a5 16. Bc6 Rf8 17. Rfd1 Nf6 18. Rac1 d5 19. c4 Nh5 20. Bh2 Bd6 21. Bxd6 Qxd6 22. cxd5 exd5 23. Nf3 Nf6 24. Ne5 Bf5 25. Qe1 Nd7 26. Nxd7 Bxd7 27. Qc3 Bxc6 28. Qxc6 Qxc6 29. Rxc6 Rb7 30. Rdc1 Rc8 31. Rd6 Kf8 32. Rxd5 c6 33. Rh5 h6 34. Rc3 Ke7 35. Rb3 Rcb8 36. Kf1 Kd6 37. e4 b5 38. axb5 Rxb5 39. Rbxb5 cxb5 40. Rd5+ Kc6 41. Ke2 a4 42. Kd3 Ra8 43. Rc5+ Kb6 44. Rc3 Ra7 45. Rc8 a3 46. bxa3 Rxa3+ 47. Rc3 Ra2 48. d5 Ra7 49. Rc6+ Ka5 50. d6 Rb7 51. e5 g5 52. Rc7 Kb6 53. Rxb7+ Kxb7 54. g3 1-0

[Event "Cologne Ford op 17th"]
[Site "Cologne"]
[Date "2011.05.30"]
[Round "7"]
[White "Bekritski, Evgeni"]
[Black "Dabringhaus, Christian"]
[Result "0-1"]
[WhiteElo "1921"]
[BlackElo "1665"]
[PlyCount "80"]
[EventDate "2011.04.12"]
[EventType "swiss"]
[EventRounds "7"]
[EventCountry "GER"]
[SourceTitle "EXT 2012"]
[Source "ChessBase"]
[SourceDate "2011.11.24"]
[SourceVersion "1"]
[SourceVersionDate "2011.11.24"]
[SourceQuality "1"]

1. b3 d6 2. Bb2 e5 3. c4 Nc6 4. e3 g6 5. d3 Bg7 6. a3 f5 7. Nd2 Nh6 8. Qc2 Nf7 9. Ngf3 Qe7 10. Be2 Bd7 11. b4 0-0 12. 0-0 g5 13. Nb3 g4 14. Nfd2 h5 15. Rae1 Qg5 16. Bd1 Rae8 17. b5 Ne7 18. e4 f4 19. Kh1 Qf6 20. Rg1 Ng5 21. Nf1 h4 22. f3 g3 23. Bc3 b6 24. a4 Kf7 25. Qe2 Rh8 26. d4 Ng6 27. Bb2 Rh5 28. c5 Reh8 29. Qc4+ Be6 30. d5 Bc8 31. cxb6 cxb6 32. Qc7+ Ne7 33. Ba3 h3 34. Qxd6 Qxd6 35. Bxd6 hxg2+ 36. Rxg2 Bh3 37. Rc2 Bxf1 38. Rxf1 Rxh2+ 39. Rxh2 Rxh2+ 40. Kg1 Nh3# 0-1

[Event "Cologne Ford op"]
[Site "Cologne"]
[Date "2009.06.15"]
[Round "7"]
[White "Khanukov, Boris"]
[Black "Bekritski, Evgeni"]
[Result "1-0"]
[WhiteElo "2306"]
[BlackElo "1935"]
[PlyCount "134"]
[EventDate "2009.04.27"]
[EventType "swiss"]
[EventRounds "7"]
[EventCountry "GER"]
[SourceTitle "EXT 2011"]
[Source "ChessBase"]
[SourceDate "2010.11.26"]
[SourceVersion "1"]
[SourceVersionDate "2010.11.26"]
[SourceQuality "1"]

1. d4 Nf6 2. Nf3 e6 3. c4 b6 4. g3 Bb7 5. Bg2 Be7 6. 0-0 0-0 7. Nc3 Ne4 8. Qc2 Nxc3 9. Qxc3 f5 10. Rd1 Bf6 11. Be3 d6 12. Qd2 Qe7 13. Rac1 Rd8 14. Bg5 Nd7 15. b4 h6 16. Bxf6 Nxf6 17. Qe3 Ng4 18. Qf4 g5 19. Qd2 Nf6 20. h4 Ne4 21. Qd3 Qf6 22. hxg5 hxg5 23. d5 e5 24. Nh2 Rf8 25. g4 Bc8 26. Qe3 Qg6 27. c5 bxc5 28. Bxe4 fxe4 29. bxc5 Rf4 30. Qg3 Ba6 31. Rd2 Raf8 32. e3 R4f7 33. cxd6 cxd6 34. Qg2 Rh7 35. Nf1 Rh4 36. Ng3 Rxg4 37. Qh3 Rh4 38. Qe6+ Qxe6 39. dxe6 Bd3 40. Rc6 Rh7 41. Rxd6 Re7 42. Rb2 Rf6 43. Rb8+ Kh7 44. Rd7 Rfxe6 45. Rbb7 Rxd7 46. Rxd7+ Kg6 47. Rxa7 Rc6 48. Ra4 Rc4 49. Rxc4 Bxc4 50. a4 Bd3 51. Kg2 Kf6 52. Kh3 Kg6 53. a5 Kf6 54. Kg2 Ke6 55. Kh2 Kf6 56. Kh3 Kf7 57. Nf5 Ke6 58. Kg4 Kf6 59. Nd6 Be2+ 60. Kg3 Bd3 61. Nb7 Ke7 62. Kg4 Kd7 63. Kxg5 Kc6 64. Nd8+ Kb5 65. Kf6 Kxa5 66. Kxe5 Kb4 67. Kd4 Kb3 1-0

[Event "Cologne Ford op"]
[Site "Cologne"]
[Date "2009.06.08"]
[Round "6"]
[White "Bekritski, Evgeni"]
[Black "Hirth, Ulrich"]
[Result "1-0"]
[WhiteElo "1935"]
[BlackElo "2037"]
[PlyCount "65"]
[EventDate "2009.04.27"]
[EventType "swiss"]
[EventRounds "7"]
[EventCountry "GER"]
[SourceTitle "EXT 2011"]
[Source "ChessBase"]
[SourceDate "2010.11.26"]
[SourceVersion "1"]
[SourceVersionDate "2010.11.26"]
[SourceQuality "1"]

1. b3 d5 2. Bb2 Bf5 3. e3 e6 4. a3 Nf6 5. d3 Be7 6. Nf3 h6 7. Nbd2 0-0 8. Be2 c6 9. 0-0 a5 10. c4 Na6 11. d4 Ne4 12. Nxe4 dxe4 13. Nd2 Bh7 14. Qc2 f5 15. Rad1 Nc7 16. f3 Bd6 17. f4 Be7 18. Kh1 Bf6 19. Rg1 Kh8 20. Nb1 g5 21. g3 g4 22. Nc3 Bg8 23. Na4 h5 24. Kg2 Rf7 25. Rh1 Rg7 26. Bc3 Bf7 27. Qd2 Qg8 28. Nc5 Bg6 29. Nxb7 Ne8 30. Nxa5 Rh7 31. Qb2 Qg7 32. Nxc6 Rh6 33. b4 1-0

[Event "Cologne Ford op"]
[Site "Cologne"]
[Date "2009.05.18"]
[Round "4"]
[White "Goldenstein, Arnd"]
[Black "Bekritski, Evgeni"]
[Result "1-0"]
[WhiteElo "1995"]
[BlackElo "1935"]
[PlyCount "81"]
[EventDate "2009.04.27"]
[EventType "swiss"]
[EventRounds "7"]
[EventCountry "GER"]
[SourceTitle "EXT 2011"]
[Source "ChessBase"]
[SourceDate "2010.11.26"]
[SourceVersion "1"]
[SourceVersionDate "2010.11.26"]
[SourceQuality "1"]

1. d4 Nf6 2. Nf3 e6 3. c4 b6 4. a3 Bb7 5. Nc3 d6 6. d5 e5 7. e4 Be7 8. Be2 Nbd7 9. 0-0 Nf8 10. b4 N6d7 11. Qc2 Ng6 12. Be3 0-0 13. Rfc1 Nf6 14. Ne1 Ba6 15. f3 Nh5 16. c5 Bxe2 17. Nxe2 Bg5 18. Qd2 Nhf4 19. cxd6 cxd6 20. Rc6 Rc8 21. Rac1 Qd7 22. b5 Nxe2+ 23. Qxe2 Bxe3+ 24. Qxe3 Ne7 25. Nd3 f5 26. Nb4 fxe4 27. fxe4 Nxc6 28. dxc6 Qg4 29. Nd5 Rf7 30. h3 Qe6 31. a4 Qg6 32. a5 bxa5 33. c7 h6 34. Qxa7 Qxe4 35. Qb7 Qf5 36. b6 e4 37. Qc6 e3 38. b7 e2 39. bxc8Q+ Qxc8 40. Qxd6 Kh7 41. Qe5 1-0

[Event "Cologne-ch 49th"]
[Site "Cologne"]
[Date "2000.11.04"]
[Round "6"]
[White "Bekritski, Evgeni"]
[Black "Wicht, Juergen"]
[Result "0-1"]
[WhiteElo "2063"]
[BlackElo "2217"]
[PlyCount "68"]
[EventDate "2000.07.10"]
[EventType "swiss"]
[EventRounds "9"]
[EventCountry "GER"]
[SourceTitle "EXT 2002"]
[Source "ChessBase"]
[SourceDate "2001.11.25"]
[SourceVersion "1"]
[SourceVersionDate "2001.11.25"]
[SourceQuality "1"]

1. e4 d6 2. d4 Nf6 3. Nc3 g6 4. Bg5 Bg7 5. f4 c5 6. dxc5 Qa5 7. Bd3 Qxc5 8. Qd2 0-0 9. Nf3 Bg4 10. Bh4 Bxf3 11. gxf3 Qh5 12. Qf2 Nc6 13. Ne2 Nb4 14. 0-0 Rfc8 15. Nc3 Nd7 16. Rac1 Nc5 17. Rfd1 Ne6 18. Ne2 Bxb2 19. Rb1 Nxd3 20. Rxd3 Rxc2 21. Bg3 Qb5 22. Rb3 Qxe2 23. Qxe2 Rxe2 24. R1xb2 Rxb2 25. Rxb2 b6 26. Kf1 Rc8 27. Ke2 Rc3 28. Rd2 h5 29. Rd3 Rc2+ 30. Rd2 Nd4+ 31. Ke3 Rxd2 32. Kxd2 h4 33. Bf2 Nxf3+ 34. Ke3 Nxh2 0-1

[Event "Cologne-ch 49th"]
[Site "Cologne"]
[Date "2000.11.04"]
[Round "7"]
[White "Schwab, Thomas"]
[Black "Bekritski, Evgeni"]
[Result "1-0"]
[WhiteElo "2108"]
[BlackElo "2063"]
[PlyCount "79"]
[EventDate "2000.07.10"]
[EventType "swiss"]
[EventRounds "9"]
[EventCountry "GER"]
[SourceTitle "EXT 2002"]
[Source "ChessBase"]
[SourceDate "2001.11.25"]
[SourceVersion "1"]
[SourceVersionDate "2001.11.25"]
[SourceQuality "1"]

1. e4 c5 2. Nf3 Nc6 3. d4 cxd4 4. Nxd4 d6 5. Nc3 Nf6 6. Bg5 e6 7. Qd2 Be7 8. 0-0-0 a6 9. f3 Qc7 10. Kb1 0-0 11. g4 b5 12. Bxf6 gxf6 13. h4 Nxd4 14. Qxd4 Qc5 15. Qxc5 dxc5 16. Bh3 Ra7 17. a3 Rd7 18. Rxd7 Bxd7 19. Rd1 Bc6 20. Bg2 Kg7 21. Ne2 Rd8 22. Rxd8 Bxd8 23. h5 Bc7 24. Kc1 Kh6 25. Kd2 Kg5 26. Ke3 f5 27. exf5 exf5 28. f4+ Bxf4+ 29. Nxf4 Bxg2 30. Nxg2 fxg4 31. h6 f5 32. b4 c4 33. c3 Kxh6 34. Kf4 Kg6 35. Nh4+ Kf6 36. Nxf5 h5 37. Nh4 Ke6 38. Ng2 Kd6 39. Kf5 Kd5 40. Nf4+ 1-0

[Event "Cologne-ch 49th"]
[Site "Cologne"]
[Date "2000.10.28"]
[Round "5"]
[White "Lamprecht, Mark"]
[Black "Bekritski, Evgeni"]
[Result "0-1"]
[WhiteElo "2176"]
[BlackElo "2063"]
[PlyCount "98"]
[EventDate "2000.07.10"]
[EventType "swiss"]
[EventRounds "9"]
[EventCountry "GER"]
[SourceTitle "EXT 2002"]
[Source "ChessBase"]
[SourceDate "2001.11.25"]
[SourceVersion "1"]
[SourceVersionDate "2001.11.25"]
[SourceQuality "1"]

1. c4 Nf6 2. Nc3 c5 3. g3 Nc6 4. Bg2 g6 5. e4 Bg7 6. Nge2 0-0 7. 0-0 e6 8. d3 a6 9. Be3 d6 10. h3 Qc7 11. f4 Rb8 12. a4 b6 13. Qd2 Bb7 14. Rad1 Rbd8 15. g4 Ne7 16. g5 Nd7 17. d4 cxd4 18. Bxd4 e5 19. Be3 Qxc4 20. Rc1 Qb4 21. f5 f6 22. fxg6 hxg6 23. gxf6 Nxf6 24. Rcd1 Bc6 25. Nc1 b5 26. Bb6 Rd7 27. axb5 axb5 28. Rf2 Rb8 29. Be3 Qc4 30. Bf1 Qe6 31. Bg2 d5 32. exd5 Nexd5 33. Nxd5 Nxd5 34. Qe2 Nxe3 35. Rxd7 Nxg2 36. Rc7 Rf8 37. Rxf8+ Kxf8 38. Nd3 Qd6 39. Rc8+ Ke7 40. b4 Bd5 41. Nc5 Nf4 42. Qg4 e4 43. Qh4+ Kf7 44. Qh7 Nxh3+ 45. Qxh3 Bd4+ 46. Kf1 Qf4+ 47. Ke2 Bc4+ 48. Kd1 Qf3+ 49. Qxf3+ exf3 0-1